[Event "Reykjavik Open"]
[Site "Reykjavik ISL"]
[Date "2012.03.09"]
[Round "4.71"]
[White "Traustason, Ingi Tandri"]
[Black "Haga, Halvor"]
[Result "0-1"]
[WhiteElo "1824"]
[BlackElo "2032"]
[WhiteFideId "2302934"]
[BlackFideId "1507532"]
[EventDate "2012.03.06"]

1. e4 e5 2. Nf3 d6 3. Bc4 Be7 4. c3 Nf6 5. Ng5 O-O 6. Qb3 Qe8 7. d4 Nc6 8. Qd1
exd4 9. cxd4 d5 10. exd5 Bb4+ 11. Kf1 Nxd4 12. Nc3 Nf5 13. Bf4 Bd6 14. Bxd6 Nxd6
15. Bd3 h6 16. h4 Qe5 17. Qd2 Bf5 18. Nf3 Bxd3+ 19. Qxd3 Nh5 20. g3 Rad8 21. Re1
Rfe8 22. Kg2 a6 0-1

[Event "Reykjavik Open"]
[Site "Reykjavik ISL"]
[Date "2012.03.09"]
[Round "4.73"]
[White "Ontiveros, John"]
[Black "Shepherd, Michael"]
[Result "1-0"]
[WhiteElo "1763"]
[BlackElo "2011"]
[WhiteFideId "2303981"]
[BlackFideId "2401444"]
[EventDate "2012.03.06"]

1. d4 e6 2. c4 b6 3. Nf3 Bb7 4. Nc3 Bb4 5. Qc2 f5 6. a3 Nf6 7. axb4 O-O 8. Bg5
Nc6 9. b5 Ne7 10. g3 Qe8 11. Bxf6 Rxf6 12. Bg2 Qh5 13. Nh4 c6 14. b4 g5 15. Nf3
d6 16. c5 bxc5 17. bxc5 dxc5 18. dxc5 cxb5 19. Nxb5 Be4 20. Qb2 e5 21. Qxe5 Nd5
22. Nd6 Rxd6 23. Qxd6 Re8 24. O-O f4 25. Rxa7 Nc3 26. Qf6 Nxe2+ 27. Kh1 1-0

[Event "Reykjavik Open"]
[Site "Reykjavik ISL"]
[Date "2012.03.09"]
[Round "4.74"]
[White "Murray, Mike"]
[Black "Leosson, Atli Johann"]
[Result "1-0"]
[WhiteElo "2007"]
[BlackElo "1682"]
[WhiteFideId "2609126"]
[BlackFideId "2308533"]
[EventDate "2012.03.06"]

1. e4 e5 2. Nc3 Nc6 3. Nf3 Bc5 4. Nxe5 Bxf2+ 5. Kxf2 Nxe5 6. d4 Ng6 7. Bc4 d6 8.
Rf1 Nf6 9. Bg5 Ng4+ 10. Qxg4 Bxg4 11. Bxd8 Kxd8 12. Bxf7 Ne7 13. Kg3 Bd7 14. Bc4
Be8 15. Rf2 Nc6 16. Ne2 Bg6 17. Bd3 Ke7 18. Raf1 Rhf8 19. Rxf8 Rxf8 20. Rxf8
Kxf8 21. c3 d5 22. Kf3 Ne7 23. Nf4 dxe4+ 24. Bxe4 Bxe4+ 25. Kxe4 c6 26. Ne6+ Kg8
27. c4 b6 28. d5 cxd5+ 29. cxd5 Kf7 30. Nd8+ Ke8 31. Nc6 Nc8 32. Ke5 Kd7 33. b4
Nd6 34. Nxa7 Nc4+ 35. Kd4 Na3 36. Nc6 Kd6 37. Ke4 Nb5 38. Nd8 Nc3+ 39. Kd4 Nxd5
40. Nf7+ Ke6 41. Ng5+ Kd6 42. a3 Nf4 43. Nxh7 Nxg2 44. a4 Ne1 45. Ng5 Nc2+ 46.
Kc3 Ne3 47. a5 Nd5+ 48. Kc4 bxa5 49. bxa5 Nc7 50. Kd4 Kc6 51. Ke5 Kb5 52. Ne6
Ne8 53. Kf5 Kxa5 54. Kg6 Nd6 55. Nxg7 Kb5 56. h4 Kc6 57. h5 Kd7 58. h6 Ke7 59.
h7 Nf7 60. Nf5+ Kf8 61. Kf6 Nh8 62. Nh6 Ke8 1-0

[Event "Reykjavik Open"]
[Site "Reykjavik ISL"]
[Date "2012.03.09"]
[Round "4.75"]
[White "Fridthjofsdottir, Sigurl. Regina"]
[Black "Rodriguez Fonseca, Jorge"]
[Result "0-1"]
[WhiteElo "1731"]
[BlackElo "2003"]
[WhiteFideId "2300788"]
[BlackFideId "2224658"]
[EventDate "2012.03.06"]

1. e4 d5 2. exd5 Nf6 3. d4 Bg4 4. Be2 Bxe2 5. Qxe2 Qxd5 6. Nf3 Nbd7 7. c4 Qf5 8.
Nc3 O-O-O 9. O-O h5 10. Re1 h4 11. h3 e6 12. c5 Rh5 13. b4 g5 14. Ne5 Rh7 15.
Nxd7 Nxd7 16. b5 Rg7 17. c6 Nb6 18. cxb7+ Kb8 19. Qe4 g4 20. Qxf5 exf5 21. Bh6
Rg6 22. Bxf8 Rxf8 23. hxg4 Rxg4 24. Kh2 Rfg8 25. Rg1 Rxd4 26. Rad1 Rf4 27. f3
Rb4 28. Rge1 Kxb7 29. Re2 Nc8 30. a4 Nd6 31. Rc1 Rc4 32. Rec2 Rc5 33. Ne2 Rxc2
34. Rxc2 Re8 35. Nf4 Re5 36. Kh3 Nc8 37. Kxh4 Nb6 38. Nd3 Rd5 39. Nc5+ Kc8 40.
a5 Nd7 41. Na6 Rxb5 42. Nxc7 Rxa5 43. Ne8+ Kd8 44. Nd6 Rd5 45. Nxf7+ Ke7 46. Ng5
a5 47. Re2+ Re5 48. Rc2 a4 49. Rc3 Nc5 50. f4 Rd5 51. Nf3 Ne4 52. Rc4 Rd6 53.
Kh5 Ra6 54. Nd4 Nd6 55. Rc7+ Kf6 56. Rc1 a3 57. Nb3 a2 58. Ra1 Rb6 59. Nd4 Rb1 0-1

[Event "Reykjavik Open"]
[Site "Reykjavik ISL"]
[Date "2012.03.09"]
[Round "4.76"]
[White "Bjornsson, Eirikur K."]
[Black "Edakina, Maria"]
[Result "1-0"]
[WhiteElo "2000"]
[BlackElo "1657"]
[WhiteFideId "2301563"]
[BlackFideId "4156153"]
[EventDate "2012.03.06"]

1. c4 c5 2. g3 Nc6 3. Bg2 Nf6 4. Nc3 d6 5. a3 Qb6 6. Rb1 e6 7. e3 Bd7 8. Nge2
Ne5 9. d3 Bc6 10. e4 Be7 11. O-O O-O 12. h3 Rfd8 13. b3 Ng6 14. f4 d5 15. e5 Ne8
16. cxd5 exd5 17. Kh2 d4 18. Ne4 a5 19. Bd2 Qa6 20. Qc2 Bb5 21. Nc1 Rac8 22. a4
Bc6 23. Qd1 b5 24. axb5 Bxb5 25. Qe2 Ra8 26. f5 Nxe5 27. Nxc5 Bxc5 28. Qxe5 Bd6
29. Qe2 Bc6 30. Ra1 Bxg2 31. Qxg2 Qb6 32. Ra4 Ra6 33. Bf4 Bb4 34. Rf2 Qc6 35.
Rc2 Qxg2+ 36. Kxg2 Rda8 37. Rc4 Rc8 1-0

[Event "Reykjavik Open"]
[Site "Reykjavik ISL"]
[Date "2012.03.09"]
[Round "4.78"]
[White "Johannesson, Oliver"]
[Black "Roberts, Lynda"]
[Result "0-1"]
[WhiteElo "1677"]
[BlackElo "1960"]
[WhiteFideId "2305623"]
[BlackFideId "1800191"]
[EventDate "2012.03.06"]

1. e4 c5 2. Nc3 Nc6 3. f4 d6 4. Nf3 g6 5. Bc4 Bg7 6. O-O e6 7. d3 Nge7 8. Qe1
Nd4 9. Nxd4 cxd4 10. Ne2 Bd7 11. Qf2 b5 12. Bb3 a5 13. a3 Nc6 14. f5 exf5 15.
Ng3 Qc7 16. exf5 O-O-O 17. f6 Bf8 18. Ne2 Bf5 19. Nxd4 Nxd4 20. Qxd4 d5 21. Qc3
Bd6 22. Qxc7+ Bxc7 23. Be3 Rhe8 24. Rae1 a4 25. Ba2 Ba5 26. c3 Bxd3 27. Rf4 Bb6
28. Kf2 Rxe3 29. Rxe3 Re8 30. Rf3 Be4 31. Rh3 Bxe3+ 32. Rxe3 Re6 33. Ke2 Rxf6
34. g3 Re6 35. Kd2 Kc7 36. b3 Kb6 37. Re1 Rf6 38. bxa4 Rf2+ 39. Re2 Rxe2+ 40.
Kxe2 bxa4 41. Ke3 Kc5 42. g4 g5 43. c4 Bh1 44. cxd5 Bxd5 45. Bxd5 Kxd5 46. Kd3
Ke5 47. Ke3 f5 48. gxf5 Kxf5 49. Kf3 h5 50. h3 Ke5 0-1

[Event "Reykjavik Open"]
[Site "Reykjavik ISL"]
[Date "2012.03.09"]
[Round "4.79"]
[White "Lensebakken, Jonar"]
[Black "Calder, Dennis"]
[Result "0-1"]
[WhiteElo "1643"]
[BlackElo "1948"]
[WhiteFideId "1515462"]
[BlackFideId "4697359"]
[EventDate "2012.03.06"]

1. d4 d5 2. Nf3 Nf6 3. Bg5 Nbd7 4. e3 c6 5. c3 h6 6. Bh4 Qb6 7. Qc2 e6 8. Bd3
Bd6 9. Nbd2 c5 10. c4 O-O 11. O-O cxd4 12. Nxd4 Ng4 13. N2f3 e5 14. Bf5 Nxh2 15.
Nxh2 exd4 16. cxd5 dxe3 17. fxe3 Qxe3+ 18. Bf2 Qf4 19. g3 Qg5 20. Nf3 Qd8 21.
Kg2 Nf6 22. Rad1 Bxf5 23. Qxf5 Qd7 24. Qd3 a6 25. Rh1 Rfe8 26. Qd4 Ng4 27. Rh4
f5 28. Rdh1 Re4 29. Qd3 Nxf2 30. Kxf2 Rxh4 31. Nxh4 Rf8 32. Ng6 Rf6 33. Nf4 Bxf4
34. gxf4 Qd6 35. Kf3 g5 36. Rg1 0-1

[Event "Reykjavik Open"]
[Site "Reykjavik ISL"]
[Date "2012.03.09"]
[Round "4.81"]
[White "Johansen, Stian"]
[Black "Dukaczewski, Piotr"]
[Result "1/2-1/2"]
[BlackTitle "IM"]
[WhiteElo "1961"]
[BlackElo "2310"]
[WhiteFideId "1508121"]
[BlackFideId "1103520"]
[EventDate "2012.03.06"]

1. e4 c5 2. Nf3 Nc6 3. d4 cxd4 4. Nxd4 Nf6 5. Nc3 e5 6. Ndb5 d6 7. Nd5 Nxd5 8.
exd5 Nb8 9. Qf3 a6 10. Qa3 Be7 11. Bd2 O-O 12. Bb4 axb5 13. Qxa8 Na6 14. Bd2 Qc7
15. Qa7 Qxc2 16. Qe3 Qxb2 17. Qc3 Qxc3 18. Bxc3 Bd7 19. Rb1 Rc8 20. Ba5 Bf5 21.
Rd1 Rc2 22. Bxb5 Rxa2 23. Bxa6 bxa6 24. Bd2 Bd3 25. h4 e4 26. Rc1 f5 27. h5 h6
28. Rh3 Bf6 29. Rg3 Kh7 30. Rc8 Ra1+ 31. Rc1 Rxc1+ 32. Bxc1 a5 33. Ba3 f4 34.
Rxd3 exd3 35. Bxd6 a4 36. Kd2 f3 37. gxf3 Kg8 38. Kxd3 Kf7 39. Ke4 Bb2 40. Kf4
a3 41. Kg3 Kf6 42. Bf8 Kf5 43. f4 g6 44. hxg6 Kxg6 45. f5+ Kg5 46. d6 h5 47. d7
Bf6 48. Bxa3 Kxf5 49. Bd6 Ke6 50. Ba3 1/2-1/2

[Event "Reykjavik Open"]
[Site "Reykjavik ISL"]
[Date "2012.03.09"]
[Round "4.83"]
[White "Kjartansson, Dagur"]
[Black "Zachariassen, John"]
[Result "1/2-1/2"]
[WhiteElo "1528"]
[BlackElo "1939"]
[WhiteFideId "2303299"]
[BlackFideId "1405535"]
[EventDate "2012.03.06"]

1. c4 Nf6 2. Nc3 g6 3. g3 Bg7 4. Bg2 O-O 5. Nf3 d6 6. O-O e5 7. d4 Nbd7 8. Bg5
h6 9. dxe5 dxe5 10. Bxf6 Qxf6 11. Nd5 Qd8 12. Qc2 c6 13. Nc3 Qe7 14. Rad1 Nc5
15. b4 Ne6 16. b5 Nd4 17. Nxd4 exd4 18. Na4 Bf5 19. Qd2 cxb5 20. cxb5 Rac8 21.
Rc1 Rxc1 22. Rxc1 Re8 23. Bf3 Bf6 24. Re1 Qa3 25. Nb2 Qxa2 26. Qb4 d3 27. Nxd3
Be7 28. Qc3 Bd6 29. e4 Be6 30. e5 Rc8 31. Qd4 Be7 32. Bxb7 Rd8 33. Qc3 Bc4 34.
Nb4 Qd2 35. Qxd2 Rxd2 36. Rc1 Bxb5 37. Nd5 Ba3 38. Rc8+ Kg7 39. Nf6 Bf8 40. Ne8+
Bxe8 41. Rxe8 Bc5 42. e6 Rxf2 43. Kh1 fxe6 44. Rxe6 a5 45. Ra6 Bb4 46. Be4 Rf6
47. Rxf6 Kxf6 48. Bc2 g5 49. Kg2 g4 50. Bd1 Kg5 51. Kf2 h5 52. Kg2 Bc5 53. h3 1/2-1/2

[Event "Reykjavik Open"]
[Site "Reykjavik ISL"]
[Date "2012.03.09"]
[Round "4.85"]
[White "Leite, Steinar"]
[Black "Mass, Elvira"]
[Result "1-0"]
[WhiteElo "1707"]
[BlackElo "2040"]
[WhiteFideId "1510428"]
[BlackFideId "4695623"]
[EventDate "2012.03.06"]

1. e4 d6 2. d4 Nf6 3. Nc3 g6 4. Nf3 Bg7 5. Be2 O-O 6. O-O c5 7. dxc5 dxc5 8. Be3
Qxd1 9. Rfxd1 b6 10. Nd5 Nxd5 11. exd5 Bxb2 12. Rab1 Bg7 13. a4 Bf5 14. Ne1 Nd7
15. g4 Bxg4 16. Bxg4 Ne5 17. Be2 f5 18. f4 Nf7 19. a5 Rab8 20. axb6 axb6 21. Rb3
Nd6 22. Rdb1 Ne4 23. Rxb6 Rbd8 24. Bc4 Nd6 25. Bf1 Rc8 26. c4 Bc3 27. Nf3 Ba5
28. Ra6 Bb4 29. Ng5 Ra8 30. Rba1 Rxa6 31. Rxa6 h6 32. Ne6 Rc8 33. Bc1 Rb8 34.
Bb2 Nf7 35. Ra7 Bd2 36. Ba1 Re8 37. Bd3 Nd6 38. Kg2 Be3 39. Kf3 Bd2 40. Be5 Nc8
41. Rc7 Nd6 42. Rxc5 Ra8 43. Rc7 Ra3 44. Ke2 Ra2 45. Kd1 g5 46. Rxe7 Bxf4 47.
Bxf4 gxf4 48. Nxf4 Rxh2 49. c5 1-0

[Event "Reykjavik Open"]
[Site "Reykjavik ISL"]
[Date "2012.03.09"]
[Round "4.86"]
[White "Bjorgvinsson, Andri Freyr"]
[Black "Knudsen, Jes West"]
[Result "1-0"]
[WhiteElo "1544"]
[BlackElo "1913"]
[WhiteFideId "2306913"]
[BlackFideId "1405985"]
[EventDate "2012.03.06"]

1. c4 f5 2. g3 Nf6 3. Bg2 e5 4. d3 Nc6 5. Nc3 Bb4 6. Bd2 O-O 7. a3 Bxc3 8. Bxc3
d6 9. e3 a5 10. Ne2 g5 11. Qc2 Be6 12. O-O-O Nd7 13. f4 Ra7 14. Bd5 Bxd5 15.
cxd5 Ne7 16. e4 c6 17. dxc6 Nxc6 18. Kb1 Qe7 19. Rhf1 Qf7 20. fxg5 Rfa8 21. Rxf5
Qh5 22. Nf4 Qe8 23. Rf1 Nc5 24. Nd5 b5 25. Nf6+ 1-0

[Event "Reykjavik Open"]
[Site "Reykjavik ISL"]
[Date "2012.03.09"]
[Round "4.87"]
[White "Mehringer, Joerg"]
[Black "Johannesson, Kristofer Joel"]
[Result "1-0"]
[WhiteElo "1903"]
[BlackElo "1449"]
[WhiteFideId "12915351"]
[BlackFideId "2306760"]
[EventDate "2012.03.06"]

1. e4 e5 2. Nf3 Nc6 3. Bc4 Bc5 4. b4 Bxb4 5. c3 Ba5 6. d4 d6 7. Qb3 Qd7 8. O-O
Bb6 9. Bb5 a6 10. Ba4 Bxd4 11. Bxc6 Bxf2+ 1-0

[Event "Reykjavik Open"]
[Site "Reykjavik ISL"]
[Date "2012.03.09"]
[Round "4.89"]
[White "Davidsdottir, Nansy"]
[Black "Ghaderi, Arman K"]
[Result "0-1"]
[WhiteElo "1379"]
[BlackElo "1772"]
[WhiteFideId "2309491"]
[BlackFideId "1511890"]
[EventDate "2012.03.06"]

1. e4 c5 2. Nf3 d6 3. d4 cxd4 4. Nxd4 Nf6 5. Nc3 g6 6. Be3 Bg7 7. Bc4 O-O 8. f4
Nc6 9. Nxc6 bxc6 10. Qd2 Nxe4 11. Nxe4 d5 12. O-O-O Bf5 13. Ng3 dxc4 14. Qxd8
Rfxd8 15. Nxf5 gxf5 16. Rxd8+ Rxd8 17. a3 a5 18. Bb6 Rb8 19. Bxa5 Bxb2+ 20. Kd2
Bxa3 21. Kc3 Bd6 22. g3 Rb5 23. Ra1 e5 24. Rd1 Bb8 25. Bd8 exf4 26. gxf4 Bxf4
27. Be7 Bxh2 28. Rh1 Be5+ 29. Kxc4 f6 30. Rh5 f4 31. Rh3 Kg7 32. Bb4 Kg6 33. Bd2
Rd5 34. Be1 h5 35. Rf3 Kg5 36. Rh3 Bd6 37. Kc3 Kg4 38. Rh4+ Kf3 39. Rh3+ Ke2 40.
Bh4 f3 41. Rh1 f2 42. Bxf2 Kxf2 43. Rh3 Bg3 44. Kb3 Kg2 45. c4 Rg5 0-1

[Event "Reykjavik Open"]
[Site "Reykjavik ISL"]
[Date "2012.03.09"]
[Round "4.95"]
[White "Wasenius, Thomas"]
[Black "Steinthorsson, Felix"]
[Result "0-1"]
[WhiteElo "1612"]
[BlackElo "1298"]
[WhiteFideId "1509551"]
[BlackFideId "2310040"]
[EventDate "2012.03.06"]

1. e4 e6 2. d4 d5 3. exd5 exd5 4. c4 Nf6 5. Nc3 Bb4 6. Bg5 Be6 7. Rc1 O-O 8. Nf3
Re8 9. Be2 Nbd7 10. O-O c6 11. a3 Bxc3 12. Rxc3 dxc4 13. Qc2 b5 14. Ne5 Qc7 15.
f4 h6 16. Bh4 Bd5 17. Bf3 Bxf3 18. Rcxf3 Nd5 19. Qf5 N7f6 20. Bxf6 Nxf6 21. Rg3
Qd6 22. Rd1 Qe6 23. Qc2 Rad8 24. f5 Qd5 25. Qd2 Ne4 26. Qxh6 Nxg3 27. Qxc6 Rxe5
28. Qc7 Nxf5 0-1

[Event "Reykjavik Open"]
[Site "Reykjavik ISL"]
[Date "2012.03.10"]
[Round "5.6"]
[White "Thorfinnsson, Bjorn"]
[Black "Kryvoruchko, Yuriy"]
[Result "0-1"]
[WhiteTitle "IM"]
[BlackTitle "GM"]
[WhiteElo "2416"]
[BlackElo "2666"]
[WhiteFideId "2300982"]
[BlackFideId "14109182"]
[EventDate "2012.03.06"]

1. d4 Nf6 2. c4 e6 3. Nf3 b6 4. g3 Bb4+ 5. Bd2 a5 6. Bg2 Bb7 7. O-O O-O 8. Bf4
Be7 9. Re1 d5 10. Ne5 c5 11. dxc5 Bxc5 12. Nd3 Be7 13. Nc3 Na6 14. Rc1 Ne4 15.
cxd5 Nxc3 16. Rxc3 Bxd5 17. Bxd5 Qxd5 18. Qb3 Nb4 19. a3 Qxb3 20. Rxb3 Nc2 21.
Rd1 Nd4 22. Rxb6 Nxe2+ 23. Kf1 Nxf4 24. Nxf4 Rfb8 25. Rxb8+ Rxb8 26. Rd7 Bf6 27.
Nd3 g6 28. a4 Rb3 29. Ke1 e5 30. f3 e4 31. fxe4 Bxb2 32. Kd2 Bc3+ 33. Kc2 Ra3
34. Rd5 h5 35. Rc5 Bd4 36. Rxa5 Ra2+ 37. Kb3 Rxh2 38. Rd5 Be3 39. a5 Rh3 40. a6
Rxg3 41. Rd7 h4 42. Kc4 h3 43. Nc5 Bxc5 44. Kxc5 h2 45. a7 Ra3 46. Rd3 Rxa7 47.
Rh3 Ra5+ 48. Kd4 0-1

[Event "Reykjavik Open"]
[Site "Reykjavik ISL"]
[Date "2012.03.10"]
[Round "5.7"]
[White "Hou, Yifan"]
[Black "Bartholomew, John"]
[Result "1-0"]
[WhiteTitle "GM"]
[BlackTitle "IM"]
[WhiteElo "2639"]
[BlackElo "2440"]
[WhiteFideId "8602980"]
[BlackFideId "2019353"]
[EventDate "2012.03.06"]

1. e4 e5 2. Nf3 Nc6 3. Bb5 a6 4. Ba4 Nf6 5. O-O Be7 6. Re1 b5 7. Bb3 d6 8. c3
O-O 9. d4 Bg4 10. d5 Na5 11. Bc2 c6 12. h3 Bc8 13. dxc6 Qc7 14. Nbd2 Qxc6 15.
Nf1 Nc4 16. Ng3 Re8 17. a4 Be6 18. Ng5 Bd7 19. b3 Na5 20. Bd2 Qc7 21. axb5 axb5
22. Qe2 h6 23. Nf3 Be6 24. Rab1 Rab8 25. Nh4 Nh7 26. Nhf5 Bg5 27. h4 Bxd2 28.
Qxd2 Nf6 29. Re3 d5 30. Rf3 Nxe4 31. Nxe4 dxe4 32. Bxe4 Bxf5 33. Bxf5 Qd8 34.
Qa2 e4 35. Re3 Qd5 36. Bg4 Nc6 37. Rd1 Qe5 38. Bd7 Red8 39. Qe2 Qc7 40. Bf5
Rxd1+ 41. Qxd1 Rd8 42. Qe2 g6 43. Bxe4 h5 44. Bf3 Na5 45. Qxb5 Kh7 46. g3 Rb8
47. Qg5 Rxb3 48. Re7 Rb1+ 49. Kh2 1-0

[Event "Reykjavik Open"]
[Site "Reykjavik ISL"]
[Date "2012.03.10"]
[Round "5.8"]
[White "L'Ami, Erwin"]
[Black "Kristiansen, Jens"]
[Result "1/2-1/2"]
[WhiteTitle "GM"]
[BlackTitle "IM"]
[WhiteElo "2611"]
[BlackElo "2432"]
[WhiteFideId "1007998"]
[BlackFideId "1400061"]
[EventDate "2012.03.06"]

1. d4 f5 2. Nc3 Nf6 3. Bg5 d5 4. Bxf6 exf6 5. e3 Be6 6. Qf3 Nc6 7. Bb5 Qd7 8.
Nge2 a6 9. Ba4 Rd8 10. a3 b5 11. Bb3 Na5 12. Nf4 c6 13. Nxe6 Qxe6 14. O-O Bd6
15. Ba2 Bc7 16. Qh3 Qd7 17. b4 Nb7 18. a4 O-O 19. Bb3 Kh8 20. Ne2 Nd6 21. Nf4
Rfe8 22. Nd3 Ne4 23. g3 Bd6 24. axb5 axb5 25. Ra6 Ra8 26. Rfa1 Rxa6 27. Rxa6 Qb7
28. Ra1 g6 29. Qf1 h5 30. f3 Nd2 31. Qe2 Nc4 32. Re1 Rxe3 33. Qf2 Rxe1+ 34. Qxe1
Qd7 35. c3 Kg7 36. f4 Kf7 37. Kf2 Qa7 38. Bxc4 bxc4 39. Nc1 h4 40. Ne2 Qa2 41.
Qc1 Qa8 42. Qh1 Kg7 43. Qf3 hxg3+ 44. hxg3 Qa4 45. Qe3 Kf7 46. Qc1 Qa2 47. Qh1
Kg7 48. Qc1 Qa7 49. Qb1 Qe7 50. Qh1 Qe4 51. Qh4 g5 52. Qh2 Bc7 53. Qg1 Kg6 54.
Qh2 Kg7 55. Qg1 Kg6 56. Qh2 Kg7 1/2-1/2

[Event "Reykjavik Open"]
[Site "Reykjavik ISL"]
[Date "2012.03.10"]
[Round "5.10"]
[White "L'Ami, Alina"]
[Black "Halkias, Stelios"]
[Result "1/2-1/2"]
[WhiteTitle "WGM"]
[BlackTitle "GM"]
[WhiteElo "2372"]
[BlackElo "2588"]
[WhiteFideId "1210246"]
[BlackFideId "4201809"]
[EventDate "2012.03.06"]

1. d4 d5 2. c4 e6 3. Nc3 Bb4 4. Nf3 Nf6 5. Bg5 Nbd7 6. cxd5 exd5 7. e3 c5 8. Be2
Qa5 9. O-O Bxc3 10. bxc3 c4 11. Nd2 Qxc3 12. e4 Qxd4 13. exd5 O-O 14. Nxc4 Qxd5
15. Qxd5 Nxd5 16. Bf3 N7f6 17. Nd6 Bg4 18. Bxg4 Nxg4 19. Rfd1 f6 20. Rxd5 fxg5
21. f3 Nf6 22. Rxg5 b6 23. Rc1 Rad8 24. Rc6 Rd7 25. Re5 Rfd8 26. Re6 Nd5 27. a3
Nf4 28. Re4 Nh3+ 29. gxh3 Rxd6 30. Rxd6 Rxd6 31. Re7 a6 32. Ra7 b5 33. Kf2 h5
34. Kg3 Kh7 35. Kf4 Rd4+ 36. Kg5 Ra4 37. f4 Rxa3 38. f5 Ra5 39. Rb7 Ra2 40. f6
Rg2+ 41. Kxh5 Kg8 42. fxg7 Rxg7 43. Rb6 Ra7 44. Kg6 Rg7+ 45. Kf5 Rf7+ 46. Kg6
Rg7+ 47. Kf5 1/2-1/2

[Event "Reykjavik Open"]
[Site "Reykjavik ISL"]
[Date "2012.03.10"]
[Round "5.12"]
[White "Aguera Naredo, Javier"]
[Black "Ipatov, Alexander"]
[Result "1/2-1/2"]
[WhiteTitle "FM"]
[BlackTitle "GM"]
[WhiteElo "2358"]
[BlackElo "2561"]
[WhiteFideId "2204169"]
[BlackFideId "14116731"]
[EventDate "2012.03.06"]

1. e4 c5 2. Nf3 Nc6 3. d4 cxd4 4. Nxd4 Qb6 5. Nb3 Nf6 6. Nc3 e6 7. a3 Qc7 8. Bg5
a6 9. f4 h6 10. Bxf6 gxf6 11. Qf3 b5 12. Bd3 Qb6 13. a4 bxa4 14. Rxa4 Nb4 15.
Na5 Rb8 16. Nc4 Qd4 17. Ne2 Nxd3+ 18. cxd3 Qa7 19. d4 Rb4 20. Rxb4 Bxb4+ 21. Kf2
Bb7 22. Qd3 d5 23. exd5 Bxd5 24. Ne3 Bb7 25. f5 e5 26. Ng4 Qb6 27. Rc1 h5 28.
Ne3 Ke7 29. Nc4 Qc6 30. Ne3 Qb6 31. Nc4 Qb5 32. Nxe5 fxe5 33. Qxb5 axb5 34. Rc7+
Kd6 35. Rxb7 exd4 36. Rxb5 Bc5 37. b4 Ba7 38. Rb7 Ra8 39. Nf4 Bb8 40. Rxf7 Ke5
41. Nd3+ Kd5 42. Rd7+ Kc4 43. Nc5 Ra2+ 44. Kf3 Ra3+ 45. Ke2 Ra2+ 46. Kf3 Ra3+
47. Ke2 1/2-1/2

[Event "Reykjavik Open"]
[Site "Reykjavik ISL"]
[Date "2012.03.10"]
[Round "5.13"]
[White "Steingrimsson, Hedinn"]
[Black "Akshayraj, Kore"]
[Result "0-1"]
[WhiteTitle "GM"]
[BlackTitle "IM"]
[WhiteElo "2556"]
[BlackElo "2422"]
[WhiteFideId "2300117"]
[BlackFideId "5012414"]
[EventDate "2012.03.06"]

1. Nf3 Nf6 2. c4 c6 3. Nc3 d5 4. e3 g6 5. d4 Bg7 6. Be2 O-O 7. O-O dxc4 8. Bxc4
Nbd7 9. a4 c5 10. d5 Nb6 11. Ba2 Bf5 12. Qe2 Ne4 13. Nxe4 Bxe4 14. Ng5 Bf5 15.
a5 Nc8 16. e4 Bd7 17. Bd2 Nd6 18. Rfb1 Nb5 19. Qd3 Nd4 20. f4 h6 21. Nf3 Bb5 22.
Bc4 Bxc4 23. Qxc4 Nxf3+ 24. gxf3 e6 25. Qxc5 Rc8 26. Qxa7 exd5 27. e5 Rc2 28.
Qe3 Qh4 29. Qd3 Rfc8 30. Rc1 Rxc1+ 31. Bxc1 Qe1+ 32. Qf1 Qb4 33. Qd3 d4 34. Kf1
Rc4 35. Bd2 Qxb2 36. Rb1 Qa2 37. Rxb7 Rc2 38. Ke1 Bf8 39. a6 Rxd2 40. Qxd2 Qxa6
41. Rb8 Kg7 42. Qxd4 Qa5+ 43. Kf1 Bc5 44. Qb2 Ba3 45. Qa1 Qa6+ 46. Kg2 Qe2+ 47.
Kg3 h5 48. h4 Bc5 49. Rb2 Qc4 50. Qe1 Be7 51. Rb7 Bxh4+ 52. Kxh4 Qxf4+ 53. Kh3
Qxf3+ 54. Kh2 Qxb7 55. Qc3 Qe7 56. Qd4 Qe6 57. Qc3 g5 58. Qb2 Kg6 59. Qc2+ Qf5
60. Qc6+ Qe6 61. Qc2+ Qf5 62. Qc6+ Kg7 63. Qc7 Qf2+ 64. Kh1 h4 65. Qe7 Qf1+ 66.
Kh2 Qf4+ 67. Kg2 Qg4+ 68. Kf2 Qf5+ 69. Kg2 Qe6 70. Qc7 Qg4+ 71. Kf2 Qf4+ 72. Kg1
Qe3+ 73. Kh1 Qf3+ 0-1

[Event "Reykjavik Open"]
[Site "Reykjavik ISL"]
[Date "2012.03.10"]
[Round "5.14"]
[White "Kjartansson, Gudmundur"]
[Black "Stefansson, Hannes"]
[Result "0-1"]
[WhiteTitle "IM"]
[BlackTitle "GM"]
[WhiteElo "2357"]
[BlackElo "2531"]
[WhiteFideId "2301318"]
[BlackFideId "2300087"]
[EventDate "2012.03.06"]

1. d4 Nf6 2. c4 g6 3. Nc3 d5 4. Nf3 Bg7 5. Qb3 dxc4 6. Qxc4 O-O 7. e4 Na6 8. Be2
c5 9. d5 e6 10. O-O exd5 11. exd5 Bf5 12. Be3 Qb6 13. Na4 Qb4 14. Qxb4 cxb4 15.
Bc4 Rfd8 16. Rac1 Nxd5 17. Bg5 Rd7 18. Bb5 Rc7 19. Rcd1 Nb6 20. Bf4 Rcc8 21. Nd4
Nxa4 22. Bxa4 Be4 23. f3 Nc5 24. Bb5 Bd3 25. Bxd3 Bxd4+ 26. Kh1 Nxd3 27. Rxd3
Bxb2 28. Rd7 a5 29. Rxb7 Bc3 30. Bc7 a4 31. Rc1 Be5 32. Rc5 Bxc7 33. Rbxc7 Rxc7
34. Rxc7 b3 0-1

[Event "Reykjavik Open"]
[Site "Reykjavik ISL"]
[Date "2012.03.10"]
[Round "5.16"]
[White "Kiewra, Keaton F"]
[Black "Kveinys, Aloyzas"]
[Result "1/2-1/2"]
[WhiteTitle "FM"]
[BlackTitle "GM"]
[WhiteElo "2355"]
[BlackElo "2512"]
[WhiteFideId "2019280"]
[BlackFideId "12800040"]
[EventDate "2012.03.06"]

1. d4 Nf6 2. c4 e6 3. Nc3 Bb4 4. Qc2 O-O 5. a3 Bxc3+ 6. Qxc3 d6 7. Bg5 Nbd7 8.
e3 b6 9. Ne2 c5 10. Rd1 Qc7 11. Qc2 Ba6 12. Nc3 h6 13. Bh4 cxd4 14. Rxd4 e5 15.
Rd2 Rfc8 16. Qd1 Bxc4 17. Bxc4 Qxc4 18. Bxf6 Nxf6 19. Rxd6 b5 20. Qe2 Rab8 21.
Qxc4 Rxc4 22. f3 a5 1/2-1/2

[Event "Reykjavik Open"]
[Site "Reykjavik ISL"]
[Date "2012.03.10"]
[Round "5.17"]
[White "Williams, Simon K"]
[Black "Thorhallsson, Throstur"]
[Result "1/2-1/2"]
[WhiteTitle "GM"]
[BlackTitle "GM"]
[WhiteElo "2506"]
[BlackElo "2398"]
[WhiteFideId "404454"]
[BlackFideId "2300109"]
[EventDate "2012.03.06"]

1. d4 d5 2. c4 c6 3. Nc3 Nf6 4. Nf3 e6 5. Bg5 h6 6. Bh4 dxc4 7. e4 g5 8. Bg3 b5
9. Be2 Bb7 10. e5 Nd5 11. Nd2 Nd7 12. a4 a6 13. Nde4 Qb6 14. O-O O-O-O 15. Qd2
c5 16. axb5 axb5 17. Nxd5 Bxd5 18. Nc3 Bb7 19. d5 Bg7 20. b3 b4 21. Na4 Qc7 22.
Bxc4 Bxe5 23. dxe6 fxe6 24. Bb5 Bxg3 25. fxg3 Nb6 26. Qe2 Nxa4 27. Rxa4 Qb6 28.
Bc4 Rd6 29. Qe5 Rhd8 30. Re1 Kb8 31. Ra2 Qc7 32. Rae2 Rd1 33. Qxe6 Rxe1+ 34.
Rxe1 Qd6 35. Qe2 Qd4+ 36. Kh1 Qd2 37. Qe5+ Qd6 38. Qe2 Qd2 39. Qe5+ Qd6 40. Qe2
Qd2 41. Qe5+ Rd6 42. Qe8+ Rd8 1/2-1/2